Fajar sa Subha Tak / (Record no. 593368)

000 -LEADER
fixed length control field 00398nam a22001577a 4500
003 - CONTROL NUMBER IDENTIFIER
control field NUST
005 - DATE AND TIME OF LATEST TRANSACTION
control field 20230220130748.0
020 ## - INTERNATIONAL STANDARD BOOK NUMBER
International Standard Book Number 9699134879
082 ## - DEWEY DECIMAL CLASSIFICATION NUMBER
Classification number 297,KHO
100 ## - MAIN ENTRY--PERSONAL NAME
Personal name Khokhar, Mohammad Iftikhar
9 (RLIN) 109242
245 ## - TITLE STATEMENT
Title Fajar sa Subha Tak /
Statement of responsibility, etc. Mohammad Iftikhar Khokhar
260 ## - PUBLICATION, DISTRIBUTION, ETC.
Place of publication, distribution, etc. Darussalam
Name of publisher, distributor, etc. Lahore
Date of publication, distribution, etc. 2000
300 ## - PHYSICAL DESCRIPTION
Extent 16 p
650 ## - SUBJECT ADDED ENTRY--TOPICAL TERM
Topical term or geographic name entry element Kids Darussalam
9 (RLIN) 109243
942 ## - ADDED ENTRY ELEMENTS (KOHA)
Source of classification or shelving scheme
Koha item type Book
Holdings
Withdrawn status Lost status Source of classification or shelving scheme Damaged status Not for loan Permanent Location Current Location Shelving location Date acquired Shelving control number Total Checkouts Full call number Barcode Date last seen Price effective from Koha item type Public note
          Military College of Signals (MCS) Military College of Signals (MCS) General Stacks 02/20/2023 Islamic Books   297,KHO MCS33398 02/20/2023 02/20/2023 Book Almirah No.63, Shelf No.2
          Military College of Signals (MCS) Military College of Signals (MCS) General Stacks 02/20/2023 Islamic Books   297,KHO MCS33399 02/20/2023 02/20/2023 Book Almirah No.63, Shelf No.2
© 2023 Central Library, National University of Sciences and Technology. All Rights Reserved.